Transitional Justice As an Attempt to Mitigate the Negative Impacts of Armed Conflict

Analýza teoretických základov prechodnej spravodlivosti v kontexte negatívnych účinkov ozbrojeného konfliktu v medzinárodnom priestore. Možné riešenia.

Gespeichert in:
Bibliographische Detailangaben
1. Verfasser: Hraníková Pyteľová, Klaudia, 1985-
Format: Buchkapitel
Sprache:Englisch
Schlagworte:
Tags: Tag hinzufügen
Keine Tags, Fügen Sie das erste Tag hinzu!

MARC

LEADER 00000naa$a2200000$$$4500
001 0270588
005 20240502083814.7
041 0 |a eng 
044 |a UA 
245 1 0 |a Transitional Justice As an Attempt to Mitigate the Negative Impacts of Armed Conflict  |c Klaudia Hraníková Pyteľová 
520 |a Analýza teoretických základov prechodnej spravodlivosti v kontexte negatívnych účinkov ozbrojeného konfliktu v medzinárodnom priestore. Možné riešenia. 
610 2 0 |a zbrane 
610 2 0 |a konflikty 
610 2 0 |a spravodlivosť 
610 2 0 |a právo medzinárodné 
100 1 |a Hraníková Pyteľová, Klaudia, 1985-